000 00302 a2200145 4500
001 178511
020 _a
040 _cMagnum
100 _aMagdalena
240 1 0 _aDani e o peixinho
_lpor
245 1 0 _aDani e o peixinho
362 0 _a1899
697 _aMAGNITO: I/AVENTURA, CRIANCAS
942 _cBK
999 _c178511
_d178511